Rozbor hospodárskej činnosti praktikum

Salvato in:
Dettagli Bibliografici
Autore principale: Háčiková, Milada
Ente Autore: Vysoká škola ekonomická v Bratislave. Fakulta riadenia
Altri autori: Stejskal, Vladimír, Šlosárová, Anna
Natura: Libro
Lingua:slovacco
Pubblicazione: Bratislava Vysoká škola ekonomická 1986
Tags: Aggiungi Tag
Nessun Tag, puoi essere il primo ad aggiungerne!!

MARC

LEADER 00000nam a2200000 4500
001 c105745
005 20190109150003.4
041 0 |a slo 
044 |a SK 
245 1 0 |a Rozbor hospodárskej činnosti  |b praktikum  |c Milada Háčiková, Vladimír Stejskal, Anna Šlosárová 
264 1 |a Bratislava  |b Vysoká škola ekonomická  |c 1986 
300 |a 337 s. 
100 1 |a Háčiková, Milada 
700 1 |a Stejskal, Vladimír 
700 1 |a Šlosárová, Anna 
710 2 |a Vysoká škola ekonomická v Bratislave. Fakulta riadenia